[Event "Dimitrovgrad Teenagers op"]
[Site "Dimitrovgrad"]
[Date "2009.08.24"]
[Round "9"]
[White "Agapchev, Andrey"]
[Black "Borisov, Grigori"]
[Result "0-1"]
[WhiteElo "1686"]
[BlackElo "1884"]
[PlyCount "100"]
[EventDate "2009.08.19"]
[EventType "swiss"]
[EventRounds "9"]
[EventCountry "RUS"]
[SourceTitle "EXT 2017"]
[Source "ChessBase"]
[SourceDate "2016.10.25"]
[SourceVersion "1"]
[SourceVersionDate "2016.10.25"]
[SourceQuality "1"]

1. e4 c5 2. Nc3 e6 3. f4 Ne7 4. Nf3 g6 5. g3 Bg7 6. Bg2 Nbc6 7. d3 0-0 8. 0-0 d5 9. e5 Rb8 10. Nb5 b6 11. Bd2 Ba6 12. Nd6 Nc8 13. Nxc8 Qxc8 14. Re1 Rd8 15. Be3 d4 16. Bd2 b5 17. h4 h5 18. a3 Ne7 19. b4 c4 20. Qe2 c3 21. Bc1 Bb7 22. Bh3 Qc6 23. Kf2 Qxf3+ 24. Qxf3 Bxf3 25. Kxf3 Nf5 26. Bg2 Bf8 27. Rb1 Rd7 28. Kf2 a5 29. Be4 axb4 30. axb4 Ra7 31. Bxf5 gxf5 32. Ke2 Ra2 33. Kd1 Rba8 34. Ke2 Rxc2+ 35. Kf3 Ra4 36. Re2 Rxe2 37. Kxe2 Rxb4 38. Rxb4 Bxb4 39. Kd1 Kf8 40. Kc2 Bc5 41. Kd1 Ke8 42. Kc2 Kd7 43. Kb3 Kc6 44. Kc2 Kb6 45. Kb3 Ka5 46. Ka2 Ka4 47. Kb1 Kb3 48. Ka1 Bb4 49. Kb1 c2+ 50. Ka1 Bc3+ 0-1

[Event "Dimitrovgrad Teenagers op"]
[Site "Dimitrovgrad"]
[Date "2009.08.23"]
[Round "8"]
[White "Elkin, Alexander"]
[Black "Agapchev, Andrey"]
[Result "1-0"]
[WhiteElo "2165"]
[BlackElo "1686"]
[PlyCount "109"]
[EventDate "2009.08.19"]
[EventType "swiss"]
[EventRounds "9"]
[EventCountry "RUS"]
[SourceTitle "EXT 2017"]
[Source "ChessBase"]
[SourceDate "2016.10.25"]
[SourceVersion "1"]
[SourceVersionDate "2016.10.25"]
[SourceQuality "1"]

1. e4 e6 2. Nf3 d5 3. Nc3 Nf6 4. exd5 Nxd5 5. d3 c5 6. g3 b6 7. Bg2 Bb7 8. 0-0 Be7 9. Ne2 0-0 10. h4 Nc6 11. Nf4 Nxf4 12. Bxf4 Bd6 13. Bxd6 Qxd6 14. Re1 Nd4 15. Nxd4 Bxg2 16. Nxe6 fxe6 17. Kxg2 Qd4 18. f4 Qxb2 19. Rxe6 Qd4 20. Re4 Qd5 21. Qf3 Rae8 22. Rxe8 Qxf3+ 23. Kxf3 Rxe8 24. a4 Kf7 25. Rb1 Rb8 26. Re1 a6 27. Re4 Rd8 28. f5 Rd6 29. Kf4 Kf6 30. g4 h6 31. Rc4 Rd5 32. g5+ Kf7 33. Ke4 Rd8 34. a5 bxa5 35. Rxc5 a4 36. Ra5 hxg5 37. hxg5 Rc8 38. c4 Re8+ 39. Kf4 Rc8 40. Ke3 Re8+ 41. Kf4 Rd8 42. Ke3 Rd6 43. Rxa4 Ke7 44. d4 Kd7 45. d5 Rb6 46. c5 Rb1 47. Rxa6 Rc1 48. Kd4 Rd1+ 49. Ke5 Re1+ 50. Kf4 Rf1+ 51. Kg4 Rc1 52. Ra7+ Ke8 53. c6 Rc5 54. Rd7 Rc1 55. Kh5 1-0